| 000 | 01556nam a22002057a 4500 | ||
|---|---|---|---|
| 003 | IT-MiCISF | ||
| 005 | 20230221155047.0 | ||
| 008 | 230221b |||||||| |||| 00| 0 eng d | ||
| 040 | _cIT-MiCISF | ||
| 041 | _aitaliano | ||
| 100 |
_aPapa Francesco _956461 |
||
| 245 |
_aAmoris Laetitia. _bEsortazione apostolica sull'amore nella famiglia |
||
| 260 |
_aCinisello B. (MI), _bSan Paolo, _c2016 |
||
| 300 | _app. 303 | ||
| 500 | _apastorale-familiare, famiglia, vocazione, amore-coniugale, spiritualità-coniugale | ||
| 520 | _aL’Esortazione apostolica Amoris Laetitia è l’espressione del pensiero di Papa Francesco sui temi della famiglia. Particolarmente attesa sia negli ambienti ecclesiastici sia in quelli laici, dai sostenitori di Papa Francesco come dai detrattori, dai “progressisti” e dai conservatori, l’esortazione spiazza un po’ tutti, spariglia le carte, dà risposte ponendo domande. I temi riguardanti famiglia, coppia e sessualità rivestono da sempre per la Chiesa un’importanza cruciale e Papa Francesco non ha avuto remore a far passare buona parte della “riforma” della chiesa da questo crogiolo delicatissimo e pieno di insidie. Il momento era maturo: ben due Sinodi dedicati a questi temi, le recenti leggi sulle coppie di fatto in Europa e soprattutto in Italia, l’incalzare di movimenti disparati, la vivacità dei social network nello schierare opposte fazioni… mancava la parola definitiva di Papa Francesco. | ||
| 650 |
_apastorale-familiare _956039 |
||
| 654 | _asussidio | ||
| 942 |
_2ddc _cBK |
||
| 999 |
_c359622 _d359622 |
||